The amazing faith of Texas : common ground on higher ground (Record no. 35436)

MARC details
000 -LEADER
fixed length control field 00556nam a2200181Ia 4500
020 ## - INTERNATIONAL STANDARD BOOK NUMBER
ISBN 9780972282529
050 ## - CALL MARK
Classification number BL 2527 .T4 .S66/
100 ## - STATEMENT OF RESPONSIBILITY--MAIN AUTHOR NAME
Personal name Spence, Roy
245 #4 - TITLE STATEMENT
Title The amazing faith of Texas : common ground on higher ground
260 ## - PUBLICATION, DISTRIBUTION, ETC. (IMPRINT)
Place of publication Austin
260 ## - PUBLICATION, DISTRIBUTION, ETC. (IMPRINT)
Name of publisher Idea City Press
260 ## - PUBLICATION, DISTRIBUTION, ETC. (IMPRINT)
Year of publication 2006
300 ## - PHYSICAL DESCRIPTION
Number of Pages 153 p
650 ## - SUBJECT ADDED ENTRY--TOPICAL TERM
Topical Term Church buildings--Texas--Pictorial works. Texas--Pictorial works. Texas--Religious life and customs. Texas--Religion.
942 ## - ADDED ENTRY ELEMENTS (KOHA)
Koha item type Books
Holdings
Withdrawn status Lost status Source of classification or shelving scheme Damaged status Not for loan Permanent Location Current Location Date acquired Accession Number Price effective from Koha item type
    Library of Congress Classification     NILE UNIVERSITY OF NIGERIA - MAIN LIBRARY NILE UNIVERSITY OF NIGERIA - MAIN LIBRARY 04/23/2025 0004204 04/23/2025 Books